000 00457nam a2200193Ia 4500
005 20240823025726.0
008 240823s9999||||xx |||||||||||||| ||und||
020 _a978-81-89866-59-4
041 _aENGLISH
082 _A574 P8
100 _aPragya Khanna
245 0 _aCell and molecular Biology
250 _a1st
260 _c2008
_bI K International Pub.
500 _aTRANSFERED
650 _aBiology
_bGeneral
942 _cBK
999 _c187004
_d187004